La preparación física en el voleibol

Uloženo v:
Podrobná bibliografie
Hlavní autor: Vargas Rodríguez, Ricardo
Médium: Kniha
Jazyk:španělština
Vydáno: A.E. Pila Teleña. 1982.
Vydání:2ª ed.
Témata:
Tagy: Přidat tag
Žádné tagy, Buďte první, kdo vytvoří štítek k tomuto záznamu!

MARC

LEADER 00000nam a22000005a 4500
001 6858
003 CL-ChBUA
005 20120815102958.0
008 070301s1982 sp 000 0 spa
020 |a 8485514106 
040 |a CL-ChBUA  |c CL-ChBUA 
082 0 0 |a 796.325 
090 |c 6858  |d 6858 
100 1 |a Vargas Rodríguez, Ricardo. 
245 1 0 |a La preparación física en el voleibol 
250 |a 2ª ed. 
260 |b A.E. Pila Teleña.  |c 1982. 
300 |a 256 p.: il.  |b 256 p.: il.  |c 24 cm. 
504 |a Indice. 
650 4 |a VOLEIBOL. 
942 |c LIB 
952 |0 0  |1 0  |4 0  |7 0  |9 10313  |a UNACH  |b UNACH  |c 700  |d 2007-03-05  |i 20.428.  |l 4  |m 1  |o 796.325 / V 297.  |p 11312  |r 2025-04-21 00:00:00  |s 2025-04-09  |u 10313  |w 2012-08-08  |y LIB  |k 796.325 / V 297. 
999 |c 6858  |d 6858